Afrique--Asie : (Record no. 13750)

000 -LEADER
fixed length control field 00596nam a2200217 a 4500
020 ## - INTERNATIONAL STANDARD BOOK NUMBER
ISBN 2910199002
040 ## - CATALOGING SOURCE
Transcribing agency CU-A
082 ## - DEWEY DECIMAL CLASSIFICATION NUMBER
Classification number 338 EDI 1993 A010 Or.
245 00 - TITLE STATEMENT
Title Afrique--Asie :
Remainder of title performances agricoles comparées /
250 ## - EDITION STATEMENT
Edition statement 1. éd.
260 ## - PUBLICATION, DISTRIBUTION, ETC. (IMPRINT)
Place of publication Paris :
Name of publisher Editions de la Revue française d'économie,
Year of publication 1993.
300 ## - PHYSICAL DESCRIPTION
Number of Pages 367 p. :
Other physical details ill. ;
Dimensions 24 cm.
650 #0 - SUBJECT ADDED ENTRY--TOPICAL TERM
Topical Term Agriculture
650 #0 - SUBJECT ADDED ENTRY--TOPICAL TERM
Topical Term Agriculture
650 #0 - SUBJECT ADDED ENTRY--TOPICAL TERM
Topical Term Rural development
650 #0 - SUBJECT ADDED ENTRY--TOPICAL TERM
Topical Term Rural development
700 1# - ADDED ENTRY--PERSONAL NAME
Personal name Etienne, Gilbert.
700 1# - ADDED ENTRY--PERSONAL NAME
Personal name Griffon, M.
700 1# - ADDED ENTRY--PERSONAL NAME
Personal name Guillaumont, Patrick.
942 ## - ADDED ENTRY ELEMENTS (KOHA)
Koha item type សៀវភៅភាសាអង់គ្លេស
952 ## - LOCATION AND ITEM INFORMATION (KOHA)
Withdrawn status [LOCAL, KOHA] 0
Holdings
Permanent Location Date acquired Koha item type Lost status Shelving location Barcode Current Location Full call number
Library Block A2017-08-30សៀវភៅភាសាអង់គ្លេស A010A22587Library Block A338 EDI 1993 A010 Or.
មជ្ឈមណ្ឌលឯការនៃសាកលវិទ្យាល័យភូមិន្ទកសិកម្មចំការដូង

Powered by Koha